000 00722nam a2200241Ia 4500
999 _c41635
_d41635
001 8304
003 GE_BSU
005 20221116115913.0
008 181216s||||||||xx |||||||||||||| ||und||
020 _a9780582529175 X
040 _cGE_BSU
041 _aeng
080 _a811.111(075) A-18
100 _aAcklam, Richard .
_93176
245 _aGoing for GOLD :
_bUpper intermediate. Coursebook /
_cRichard Acklam and Araminta Crace
264 _aEdinburgh :
_bLongman,
_c2013.
300 _a176 p.:
_bIll.
_c27 cm.
653 _aGoing for GOLD
653 _aUpper intermediate. Coursebook
653 _aინგლისური გრამატიკა
700 _aCrace, Araminta
_915851
942 _cBK
_2udc